000 00629nam a2200181Ia 4500
008 100920s9999 xx 000 0 und d
082 _b52032
_a491.462 थ 16
100 _aदेवल गोविंद बल्लाळ.
245 _aसंगीत संशय - कल्लोळ.
260 _bअनमोल प्रकाशन, पुणें 2.
_c1916
300 _a94
_bसाधी
365 _b2
520 _aनाटक.
630 _aसंगीत संशय - कल्लोळ.
650 _aनाटक.
730 _aसंगीत संशय - कल्लोळ.
942 _cBOOK
999 _c697590
_d697587